No safe place. (Record no. 10631)

MARC details
000 -LEADER
fixed length control field 00523nam a22001932 4500
001 - CONTROL NUMBER
control field 0000002884
005 - DATE AND TIME OF LATEST TRANSACTION
control field 20151217154336.0
008 - FIXED-LENGTH DATA ELEMENTS--GENERAL INFORMATION
fixed length control field 070420s xx 000 0 eng d
020 ## - INTERNATIONAL STANDARD BOOK NUMBER
International Standard Book Number 0345404777 :
Terms of availability KES 110
040 ## - CATALOGING SOURCE
Original cataloging agency KABU
Transcribing agency KABU
050 #0 - LIBRARY OF CONGRESS CALL NUMBER
Classification number PS3566
Item number .A8242N6
100 1# - MAIN ENTRY--PERSONAL NAME
Personal name Patterson, Richard North.
-- 0000152391
245 10 - TITLE STATEMENT
Title No safe place.
260 ## - PUBLICATION, DISTRIBUTION, ETC. (IMPRINT)
Place of publication, distribution, etc. New York :
Name of publisher, distributor, etc. Ballantine Books,
Date of publication, distribution, etc. 1998.
300 ## - PHYSICAL DESCRIPTION
Extent 509 p.
908 ## - PUT COMMAND PARAMETER (RLIN)
Put command parameter 070420
950 ## - LOCAL HOLDINGS (RLIN)
-- 1
Holdings
Withdrawn status Lost status Source of classification or shelving scheme Not for loan Home library Current library Date acquired Total Checkouts Full call number Barcode Date last seen Date last checked out Price effective from Koha item type
    Library of Congress Classification   Kabarak, Main Campus Kabarak, Main Campus 17/12/2015 5 PS3566 .A8242N6 004577 17/07/2025 09/06/2025 17/12/2015 General Collection
Designed with assistance from East African Informatics Ltd